Sang harimau yang pandai menipu

Bibliographic Details
Main Author: Hamdan Mohd.Ali
Format: Book
Published: Selangor : Impiana publications , 2007
Series:Siri jalinan pelangi rimba
Subjects:

MARC

LEADER 00000cam a2200000 7i4500
001 0000076269
005 20171031.0
008 171031
020 |a 9789833298594 (set) 
020 |a 9789833298686 
090 0 0 |a MOR   |b MAL 
100 1 |a Hamdan Mohd.Ali 
245 1 0 |a Sang harimau yang pandai menipu   |c Hamdan Mohd.Ali 
260 |a Selangor :   |b Impiana publications ,   |c 2007 
490 1 |a Siri jalinan pelangi rimba 
650 0 |a Animals--fiction 
650 0 |a Children's stories,malay 
999 |a 0001071449   |b Book   |c Children Collection   |e Cawangan Pontian